| 000 | 00780cam a2200253u 4500 | ||
|---|---|---|---|
| 003 | OSt | ||
| 005 | 20160428122221.0 | ||
| 008 | 830518s1964 nyu 000 0 eng | ||
| 040 | _aSEKU | ||
| 050 | 0 | 0 |
_aPR 2831.A2 _b.S5 |
| 100 | 1 | _aShakespeare, William | |
| 245 | 1 | 4 |
_aThe tragedy of Romeo and Juliet. _cWilliam Shakespeare |
| 260 |
_aNew York, _bNew American Library _c[1964] |
||
| 300 |
_axxxviii, 230 p. _c19 cm. |
||
| 650 | 0 |
_aRomeo (Fictitious character) _vDrama. |
|
| 650 | 0 |
_aJuliet (Fictitious character) _vDrama. |
|
| 650 | 0 |
_aVendetta _xDrama. |
|
| 650 | 0 |
_aYouth _xDrama. |
|
| 651 | 0 |
_aVerona (Italy) _xDrama. |
|
| 655 | 7 |
_aTragedies. _2gsafd |
|
| 700 | 1 |
_aBryant, Joseph Allen, _d1919- [from old catalog] _eed. |
|
| 740 | 0 | _aRomeo and Juliet. | |
| 942 |
_2lcc _cGEN |
||
| 999 |
_c13107 _d13107 |
||